Statistics for Intruder on Oscar Wilde quotes

Click here to take the quiz!

General Stats

  • This quiz has been taken 92 times
  • The average score is 20 of 32

Answer Stats

QuoteCorrection% Correct
To live is the rarest thing in the world. Most people breath, that is all.breath
89%
Punch yourself; everyone else is already taken.Punch
89%
If one cannot enjoy crushing a book over and over again, there is no use in reading it at all.crushing
87%
We are all in the room, but some of us are looking at the stars.room
86%
You can never be overweight or overeducated.overweight
84%
I am so stupid that sometimes I don't understand a single word of what I am saying.stupid
84%
Women are meant to be loved, not to be understood.Women
81%
Men are meant to be loved, not to be understood.Men
81%
If one cannot enjoy reading a book over and over again, there is no use in reading it at all.reading
78%
Always forgive your enemies; nothing amuses them so much.amuses
78%
To live is the rarest thing in the world. Most people exist, that is all.exist
73%
Be yourself; everyone else is already taken.Be
71%
I am not old enough to know everything.old
71%
The books that the world calls immoral are books that show the world its own image.image
68%
We are all in the gutter, but some of us are looking at the stars.gutter
67%
The glass was made to be broken.glass
65%
I am not young enough to know everything.young
63%
I don't want to go to heaven. None of my friends are there.None
60%
I don't want to go to heaven. All of my friends are there.All
60%
Everything in the world is about sex except sex. Sex is about dullness.dullness
60%
Anyone who lives within their means suffers from a lack of money.money
57%
Always forgive your enemies; nothing annoys them so much.annoys
56%
I am so clever that sometimes I don't understand a single word of what I am saying.clever
52%
I think God, in creating man, somewhat overestimated his ability.overestimated
48%
I think God, in creating man, somewhat underestimated his ability.underestimated
48%
Some cause unhappiness wherever they go; others whenever they go.unhappiness
46%
Some cause happiness wherever they go; others whenever they go.happiness
40%
You can never be overdressed or overeducated.overdressed
38%
Everything in the world is about sex except sex. Sex is about power.power
33%
The heart was made to be broken.heart
30%
Anyone who lives within their means suffers from a lack of imagination.imagination
27%
The books that the world calls immoral are books that show the world its own shame.shame
21%

Score Distribution

Percentile by Number Answered

Percent of People with Each Score

Your Score History

You have not taken this quiz